000 02810cam a22004814i 4500
003 PE-LiUPU
005 20250731184119.0
008 150616s1987 cl r 000 0 spa d
020 _a9580602875
020 _a9789580602873
035 _a(Sirsi) i9789580602873
040 _aPE-LiUPU
_bspa
_cPE-LiUPU
_erda
049 _aPRUA
082 0 4 _a869.082
_bM / C13
_221
100 1 _aCabrera Infante, Guillermo,
_d1929-,
_eautor.
245 1 3 _aLa Habana para Un Infante Difunto /
_cGuillermo Cabrera Infante.
264 1 _aBogotá, Colombia :
_bEditorial La Oveja Negra,
_c1987.
300 _a340 páginas ;
_c22 centímetros.
336 _atext
_2rdacontent
337 _aunmediated
_2rdamedia
338 _avolume
_2rdacarrier
490 0 _aMaestros de la Literatura Universal
505 0 _aLa casa de las transfiguraciones -- Amor propio -- Amor trompero -- La plus que lente -- Todo vence al amor -- Mi último fracaso -- La muchacha más linda del mundo -- La visión del mirón miope -- Falsos amores con una ballerina -- La Amazona -- Epílogo: función continua.
526 _aP145
526 _aP127
526 _aP97
526 _aP14
526 _aP07
650 0 4 _aLiteratura colombiana.
910 _ajck
_bjvq
_cjck
942 _2ddc
_cBOOK
949 _a869.082 M / C13
_wDEWEY
_c1
_i43118
_lCCODEBUL1
_mBUL
_r0
_sY
_tBOOK
_u2015-6-16
_xEDUCACION
_PP20
_0COMPRA
_o.STAFF. Colección Ciencias Humanas y Educación
949 _a869.082 M / C13
_wDEWEY
_c2
_i47467
_lCCODEBUL1
_mBUL
_r0
_sY
_tBOOK
_u2015-6-16
_xEDUCACION
_PP20
_0COMPRA
_o.STAFF. Colección Ciencias Humanas y Educación
949 _a869.082 M / C13
_wDEWEY
_c3
_i43116
_lCCODEBUL1
_mBUL
_r0
_sY
_tBOOK
_u2015-6-16
_xEDUCACION
_PP20
_0COMPRA
_o.STAFF. Colección Ciencias Humanas y Educación
949 _a869.082 M / C13
_wDEWEY
_c4
_i43117
_lCCODEBUL1
_mBUL
_r0
_sY
_tBOOK
_u2015-6-16
_xEDUCACION
_PP20
_0COMPRA
_o.STAFF. Colección Ciencias Humanas y Educación
994 _aC0
_bPEPRU
596 _a1
999 _a869.082 M / C13
_wDEWEY
_c61082
_i43118
_f2021-11-9
_g6
_lCCODEBUL1
_mBUL
_p19.00
_r0
_sY
_tBOOK
_u2015-6-16
_xEDUCACION
_PP20
_0COMPRA
_o.STAFF. Colección Ciencias Humanas y Educación
_d61082
999 _a869.082 M / C13
_wDEWEY
_c2
_i47467
_f2021-11-9
_g6
_lCCODEBUL1
_mBUL
_p19.00
_r0
_sY
_tBOOK
_u2015-6-16
_xEDUCACION
_PP20
_0COMPRA
_o.STAFF. Colección Ciencias Humanas y Educación
999 _a869.082 M / C13
_wDEWEY
_c3
_i43116
_f2021-11-9
_g6
_lCCODEBUL1
_mBUL
_p19.00
_r0
_sY
_tBOOK
_u2015-6-16
_xEDUCACION
_PP20
_0COMPRA
_o.STAFF. Colección Ciencias Humanas y Educación
999 _a869.082 M / C13
_wDEWEY
_c4
_i43117
_f2021-11-9
_g6
_lCCODEBUL1
_mBUL
_p19.00
_r0
_sY
_tBOOK
_u2015-6-16
_xEDUCACION
_PP20
_0COMPRA
_o.STAFF. Colección Ciencias Humanas y Educación
980 _81
_gALBERTO SANCHEZ Responsable de Automatización